Devinez la Capitale Mystère #61 - Statistiques

Statistiques générales
  • Ce quiz a été pris 188 fois
  • Le résultat moyen est 24 sur 32
Statistiques - réponses
Type de Réponse Réponse % Correct
Lettre Trouvée A
100%
Lettre de l'Alphabet I
100%
Lettre Trouvée R
100%
Lettre Bien Placée A
99%
Lettre de l'Alphabet P
99%
Lettre de l'Alphabet S
99%
Lettre Trouvée N
96%
Lettre Bien Placée R
95%
Lettre Trouvée E
94%
Lettre de l'Alphabet O
94%
Lettre de l'Alphabet L
90%
Lettre de l'Alphabet M
89%
Lettre de l'Alphabet B
88%
Lettre de l'Alphabet D
88%
Lettre de l'Alphabet T
82%
Lettre de l'Alphabet U
82%
Lettre de l'Alphabet G
79%
Lettre de l'Alphabet C
75%
Lettre de l'Alphabet H
74%
Lettre de l'Alphabet K
72%
Lettre Bien Placée E
68%
Lettre de l'Alphabet W
67%
Lettre de l'Alphabet V
66%
Lettre Bien Placée N
57%
Lettre de l'Alphabet X
56%
Lettre Trouvée Y
54%
Lettre de l'Alphabet J
52%
Lettre de l'Alphabet Z
51%
Lettre de l'Alphabet F
49%
Lettre de l'Alphabet Q
45%
Lettre Bien Placée Y
42%
Capitale Mystère Yaren
40%
Aucun quiz correspondant
Distribution des résultats
% des personnes avec chaque résultat
Percentile par nombre de réponses
Votre historique - résultats
Vous n’avez pas pris ce quiz